书目信息 |
| 题名: |
实用电工电路通用图集
|
|
| 作者: | 芮静康 编 | |
| 分册: | ||
| 出版信息: | 北京 中国建筑工业出版社 2000.06 |
|
| 页数: | 551页 | |
| 开本: | 16开 | |
| 丛书名: | ||
| 单 册: | ||
| 中图分类: | TM13-64 | |
| 科图分类: | ||
| 主题词: | 电路理论 | |
| 电子资源: | ||
| ISBN: | 7-112-04126-0 | |
| 000 | 00571nam0 2200193 45 | |
| 001 | 0010101112 | |
| 005 | 20010307104456.8 | |
| 010 | @a7-112-04126-0@d46.00元 | |
| 100 | @a20001010d2000 km y0chiy0120 ea | |
| 101 | 0 | @achi |
| 105 | @a z 000yy | |
| 200 | 1 | @a实用电工电路通用图集@AShi Yong Dian Gong Dian Lu Tong Yong Tu Ji@f芮静康编@FRui Jing Kang Bian |
| 210 | @a北京@c中国建筑工业出版社@d2000.06 | |
| 215 | @a551页@d16开 | |
| 606 | 0 | @a电路理论 |
| 690 | @aTM13-64@v3 | |
| 701 | 0 | @a芮静康@4编 |
| 801 | @aCN@bPftUser@c20001010 | |
| 905 | @dTM13-64@eR373@b326727-731@f5 | |
| 实用电工电路通用图集/芮静康编.-北京:中国建筑工业出版社,2000.06 |
| 551页;16开 |
| ISBN 7-112-04126-0:46.00元 |
| ● |
| 相关链接 |
|
|
|
正题名:实用电工电路通用图集
索取号:TM13-64/R373
 
预约/预借
| 序号 | 登录号 | 条形码 | 馆藏地/架位号 | 状态 | 备注 |
| 1 | 326727 | 203267277 | 自科二线504/504自科库 9排3列2层/ [索取号:TM13-64/R373] | 在馆 | |
| 2 | 326728 | 203267286 | 自科库301/ [索取号:TM13-64/R373] | 在馆 | |
| 3 | 326729 | 203267295 | 自科库301/301自科库 9排2列2层/ [索取号:TM13-64/R373] | 在馆 | |
| 4 | 326730 | 203267302 | 自科二线504/504自科库 9排3列2层/ [索取号:TM13-64/R373] | 在馆 | |
| 5 | 326731 | 203267311 | 自科二线504/504自科库 9排3列2层/ [索取号:TM13-64/R373] | 在馆 |